Roitt's essential immunology / (رقم التسجيلة. 22123)

تفاصيل مارك
000 -الفاتح
حقل البيانات ثابتة الطول 03963cam a22004574a 4500
001 - رقم الضبط
رقم الضبط 16559465
003 - محدد رقم الضبط
رقم الضبط OSt
005 - وقت وتاريخ اخر تعامل مع التسجيلة
رقم الضبط 20150408114022.0
008 - عناصر البيانات ثابتة الطول - معلومات عامة
حقل البيانات ثابتة الطول 101201s2011 enka b 001 0 eng
010 ## - رقم ضبط مكتبة الكونجرس
رقم ضبط مكتبة الكونجرس 2010047392
016 7# - رقم ضبط الوكاله الوطنية للضبط الببليوجرافي
رقم ضبط التسجيلة 101557124
المصدر DNLM
020 ## - الرقم الدولى المعيارى للكتب
الرقم الدولى المعيارى للكتاب 9781405196833 (pbk.)
020 ## - الرقم الدولى المعيارى للكتب
الرقم الدولى المعيارى للكتاب 1405196831 (pbk.)
035 ## - رقم ضبط النظام
رقم ضبط النظام (OCoLC)ocn669751137
040 ## - مصدر الفهرسة
وكالة الفهرسة الأصلية DLC
وكالة النسخ DLC
وكالة التعديل YDX
-- BTCTA
-- YDXCP
-- CDX
-- VET
-- NLM
-- DLC
042 ## - رمز التحقق
رمز التحقق pcc
050 00 - رقم طلب مكتبة الكونجرس
رقم التصنيف QR181
رقم المادة .R57 2011
060 00 - رقم الطلب بالمكتبة الطبية الوطنية
رقم التصنيف QW 504
رقم المادة R742 2011
082 00 - رقم تصنيف ديوى العشرى
رقم التصنيف 616.079
رقم الطبعة 22
084 ## - رقم تصنيف آخر
رقم التصنيف MED079000
مصدر الرقم bisacsh
245 00 - بيان العنوان
العنوان Roitt's essential immunology /
بيان المسئوليه,etc Peter J. Delves ... [et al.].
246 30 - العنوان الموازى
عنوان صحيح/عنوان مختصر Essential immunology
250 ## - بيان الطبعة
بيان الطبعة 12th ed.
260 ## - PUBLICATION, DISTRIBUTION, ETC. (IMPRINT)
مكان الناشر او الموزع Chichester, West Sussex ;
-- Hoboken, NJ :
اسم الناشر او الموزع Wiley-Blackwell,
تاريخ النشر أو التوزيع 2011.
300 ## - الوصف المادى
التعداد xiii, 546 p. :
تفاصيل ماديه اخرى للوعاء ill. (chiefly col.) ;
أبعاد الوعاء 28 cm.
490 1# - بيان السلسلة
عنوان السلسلة Essentials
500 ## - تبصرة عامة
تبصرة عامة Rev. ed. of: Roitt's essential immunology / Ivan M. Roitt, Peter J. Delves.
504 ## - تبصرة ببليوجرافية
تبصرة ببليوجرافية,الخ Includes bibliographical references and index.
505 8# - تبصرة محتويات-الفهرس
تبصرة المحتويات المصاغة Machine generated contents note: Preface. -- Acknowledgements. -- 1. Innate Immunity. -- 2. Specific acquired immunity. -- 3. Antibodies. -- 4. Membrane receptors for antigen. -- 5. The primary interaction with antigen. -- 6. Immunological methods and applications. -- 7. The anatomy of the immune response. -- 8. Lymphocyte activation. -- 9. The production of effectors. -- 10. Control mechanisms. -- 11. Ontogeny and phylogeny. -- 12. Adversarial strategies during infection. -- 13. Vaccines. -- 14. Immunodeficiency. -- 15. Hypersensitivity. -- 16. Transplantation. -- 17. Tumour immunology. -- 18. Autoimmune diseases.
520 ## - التبصرة الخاصة بالتعليق أو التلخيص
ملخص,الخ "Roitt's Essential Immunology - the textbook of choice for students and instructors of immunology worldwide Bringing you fully up-to-date with the latest knowledge and concepts about the workings of the immune system, the hallmark easy-reading style of Roitt's Essential Immunology clearly explains the key principles needed by medical and health sciences students, from the basis of immunity to clinical applications. Beautifully presented, with brand new illustrations, the pedagogy has been strengthened throughout, and includes "just to recap..." sections at the beginning of each chapter, reminding the reader of key findings and principles, and summary sections at the end of each chapter that are ideal for quick study and revision. Also available as a FREE enhanced Wiley Desktop Edition (upon purchase of the book), Roitt's Essential Immunology is supported by a suite of online resources at <a href="http://www.roitt.com/">www.roitt.com</a> including: <ul type="disc"> Interactive MCQs and SBA questions for each chapter, with feedback on all answers selected . Animations and videos showing key concepts. Fully downloadable figures and illustrations, further reading and useful links Extracts from the Encyclopaedia of Life Science Podcasts to reinforce the key principles explained in the text: ideal for revision 'on the go' "--Provided by publisher.
520 ## - التبصرة الخاصة بالتعليق أو التلخيص
ملخص,الخ "A new, 12th edition of the definitive Immunology textbook, now fully up-to-date on the latest knowledge and concepts about the workings of the immune system. Essential Immunology is a perfect course textbook to support a series of lectures, or themes, on Immunology: pedagogy has been strengthened throughout, and the text is now fully supported by a suite of online resources as well as a FREE enhanced Wiley Desktop Edition"--Provided by publisher.
650 #0 - المدخل الاضافى بالموضوع-مصطلح موضوعى
مصطلح موضوعي أو اسم جغرافي كعنصر مدخل Immunology.
650 12 - المدخل الاضافى بالموضوع-مصطلح موضوعى
مصطلح موضوعي أو اسم جغرافي كعنصر مدخل Immune System.
650 22 - المدخل الاضافى بالموضوع-مصطلح موضوعى
مصطلح موضوعي أو اسم جغرافي كعنصر مدخل Immunity.
9 (RLIN) 6613
700 1# - المدخل الاضافى - اسم شخصى
الإسم الشخصى Delves, Peter J.
9 (RLIN) 14132
700 1# - المدخل الاضافى - اسم شخصى
الإسم الشخصى Roitt, Ivan M.
الشكل الأكمل للاسم (Ivan Maurice)
عنوان العمل Roitt's essential immunology.
9 (RLIN) 14133
830 #0 - المدخل الاضافى بالسلسلة -عنوان موحد
عنوان موحد Essentials (Wiley-Blackwell)
9 (RLIN) 14134
856 42 - الوصول و الموقع الالكترونى
مواد محددة Cover image
معرف المصدر الموحد <a href="http://catalogimages.wiley.com/images/db/jimages/9781405196833.jpg">http://catalogimages.wiley.com/images/db/jimages/9781405196833.jpg</a>
942 ## - عناصر المدخل الإضافي( كوها)
مصدر التصنيف او مخطط الترفيف Dewey Decimal Classification
Koha [default] item type كتاب
المقتنيات
حالة الفقد نموذج السعر الفعال حالة تلف ليس للاعارة رقم الطلب تاريخ الاكتساب الموقع الحالي الباركود الفرع الرئيسي Date last checked out Date last seen نوع المادة فى نظام كوها مصدر التصنيف او خطة الترفيف Total Checkouts مُعار Total Renewals
  2014-07-09     616.079 ROE 2014-07-09 المكتبة المركزية بالمجمعة (CL) 00652994 المكتبة المركزية بالمجمعة (CL)   2014-07-09 كتاب Dewey Decimal Classification      
  2014-07-09     616.079 ROE 2014-07-09 المكتبة المركزية بالمجمعة (CL) 00652995 المكتبة المركزية بالمجمعة (CL)   2014-07-09 كتاب Dewey Decimal Classification      
  2014-07-09     616.079 ROE 2014-07-09 المكتبة المركزية بالمجمعة (CL) 00652996 المكتبة المركزية بالمجمعة (CL) 2017-11-20 2018-01-09 كتاب Dewey Decimal Classification 2   1
  2013-03-10     616.079 R O E 2012-05-17 مكتبة كلية العلوم الطبية التطبيقية بالمجمعة - طالبات (AMF) 00086836 مكتبة كلية العلوم الطبية التطبيقية بالمجمعة - طالبات (AMF) 2015-04-05 2015-04-12 كتاب Dewey Decimal Classification 1    
  2013-03-10     616.079 R O E 2012-05-17 مكتبة كلية العلوم الطبية التطبيقية بالمجمعة - طالبات (AMF) 00086838 مكتبة كلية العلوم الطبية التطبيقية بالمجمعة - طالبات (AMF)   2013-03-10 كتاب Dewey Decimal Classification      
  2013-03-10     616.079 R O E 2012-05-17 مكتبة كلية العلوم الطبية التطبيقية بالمجمعة - طالبات (AMF) 00086841 مكتبة كلية العلوم الطبية التطبيقية بالمجمعة - طالبات (AMF)   2013-03-10 كتاب Dewey Decimal Classification      
  2013-03-10     616.079 R O E 2012-05-17 مكتبة كلية العلوم الطبية التطبيقية بالمجمعة - طالبات (AMF) 00086843 مكتبة كلية العلوم الطبية التطبيقية بالمجمعة - طالبات (AMF) 2017-10-31 2019-04-10 كتاب Dewey Decimal Classification 1    
  2013-03-10     616.079 R O E 2012-05-17 مكتبة مجمع الطالبات بالمجمعة (EMF) 00086844 مكتبة كلية العلوم الطبية التطبيقية بالمجمعة - طالبات (AMF) 2015-04-05 2015-04-05 كتاب Dewey Decimal Classification 1 2015-05-05  
  2013-03-10     616.079 R O E 2012-05-17 مكتبة مجمع الطالبات بالمجمعة (EMF) 00086842 مكتبة كلية العلوم الطبية التطبيقية بالمجمعة - طالبات (AMF) 2015-04-05 2015-04-05 كتاب Dewey Decimal Classification 2 2015-05-05  
  2014-07-09     616.079 ROE 2014-07-09 مكتبة مجمع الكليات بالزلفى - طلاب (SZM) 00652997 مكتبة مجمع الكليات بالزلفى - طلاب (SZM)   2014-07-09 كتاب Dewey Decimal Classification      
  2014-07-09     616.079 ROE 2014-07-09 مكتبة مجمع الكليات بالزلفى - طلاب (SZM) 00652998 مكتبة مجمع الكليات بالزلفى - طلاب (SZM)   2014-07-09 كتاب Dewey Decimal Classification